Disney Movies by Home Interiors - Statistics

General Stats
  • This quiz has been taken 102 times
  • The average score is 18 of 21
Answer Stats
Picture Answer % Correct
Encanto
96%
Cinderella
95%
Lilo & Stitch
95%
Alice in Wonderland
91%
Lady and the Tramp
91%
Peter Pan
91%
Snow White
91%
Aladdin
89%
Frozen
89%
Sleeping Beauty
89%
Beauty and the Beast
88%
The Little Mermaid
88%
Tangled
86%
The Aristocats
82%
Big Hero 6
81%
Winnie the Pooh
81%
101 Dalmatians
79%
Princess and the Frog
79%
Mulan
77%
Wreck-It Ralph
75%
Zootopia
65%
No matching quizzes found
Score Distribution
Percent of People with Each Score
Percentile by Number Answered
Your Score History
You have not taken this quiz